| Tag |
First Indicator |
Second Indicator |
Subfields |
| LEADER |
00000cam a2200000 i 4500 |
| 001 |
in00004792164 |
| 003 |
OCoLC |
| 005 |
20240612205410.3 |
| 008 |
240314t20242024enk b 001 0 eng d |
| 010 |
|
|
|a 2023290781
|
| 040 |
|
|
|a DLC
|e rda
|c DLC
|
| 020 |
|
|
|a 1843846926
|q (hardcover)
|
| 020 |
|
|
|a 9781843846925
|q (hardcover)
|
| 035 |
|
|
|a (OCoLC)1395887223
|
| 050 |
0 |
0 |
|a PR317.D7
|b A85 2024
|
| 082 |
0 |
0 |
|a 821.109
|2 23
|
| 100 |
1 |
|
|a Atkinson, Laurie,
|e author.
|
| 245 |
1 |
0 |
|a Ideas of authorship in the English and Scottish dream vision :
|b Skelton, Dunbar, Hawes, Douglas /
|c Laurie Atkinson.
|
| 264 |
|
1 |
|a Woodbridge, Suffolk, UK ;
|a Rochester, New York :
|b D.S. Brewer,
|c [2024].
|
| 264 |
|
4 |
|c ©2024.
|
| 300 |
|
|
|a ix, 225 pages ;
|c 25 cm
|
| 336 |
|
|
|a text
|b txt
|2 rdacontent
|
| 337 |
|
|
|a unmediated
|b n
|2 rdamedia
|
| 338 |
|
|
|a volume
|b nc
|2 rdacarrier
|
| 504 |
|
|
|a Includes bibliographical references (pages 189-216) and index.
|
| 600 |
1 |
0 |
|a Skelton, John,
|d 1460?-1529
|x Criticism and interpretation.
|
| 600 |
1 |
0 |
|a Dunbar, William,
|d 1460?-1520?
|x Criticism and interpretation.
|
| 600 |
1 |
0 |
|a Hawes, Stephen,
|d -1523?
|x Criticism and interpretation.
|
| 600 |
1 |
0 |
|a Douglas, Gawin,
|d 1474?-1522
|x Criticism and interpretation.
|
| 650 |
|
0 |
|a Dreams in literature.
|
| 650 |
|
0 |
|a Authorship.
|
| 650 |
|
0 |
|a English literature.
|
| 650 |
|
0 |
|a Scottish literature.
|
| 945 |
|
|
|b 87631
|
| 947 |
|
|
|a A14852491225
|
| 948 |
|
|
|a dmitchel 6/12/24 3.50.30
|
| 980 |
|
|
|b print
|c 40032276440
|f NONFIC/B
|g 565714
|k USD
|m 76.00
|q 1
|s AcqMono Conventional
|t Approval plan
|u Vendor order reference number
|v ZYBP
|y Print approval
|z Physical resource
|
| 999 |
f |
f |
|i f6d895c7-639e-495e-a57b-261f7e843436
|s 5cd2121f-caa8-45e7-9f3e-d9f6fe020bbc
|t 0
|
| 952 |
f |
f |
|p normal
|a Texas A&M University
|b College Station
|c Sterling C. Evans Library
|d Evans: Library Stacks
|t 0
|e PR317.D7 A85 2024
|h Library of Congress classification
|i unmediated -- volume
|m A14852491225
|
| 998 |
f |
f |
|a PR317.D7 A85 2024
|t 0
|l Evans: Library Stacks
|